000 00355 a2200157 4500
001 74777
020 _a
040 _cAnchieta - Colégio São Paulo
100 _aBarros, Fabiana
240 1 0 _aFarfalinha e o rei vaidoso
_lpor
245 1 0 _aFarfalinha e o rei vaidoso
300 _a23
362 0 _a2014
650 4 _aLiteratura juvenil
942 _cBK
999 _c74777
_d74777